Normal view
MARC view
Entry Geographic Name
001 - CONTROL NUMBER
- control field: 5536
003 - CONTROL NUMBER IDENTIFIER
- control field: BD-DhEWU
005 - DATE AND TIME OF LATEST TRANSACTION
- control field: 20140313212200.0
008 - FIXED-LENGTH DATA ELEMENTS
- fixed length control field: 140313|| aca||aabn | a|a d
040 ## - CATALOGING SOURCE
- Original cataloging agency: BD-DhEWU
- Transcribing agency: BD-DhEWU
151 ## - HEADING--GEOGRAPHIC NAME
- Geographic name: Latin America
- General subdivision: Politics and government
- Chronological subdivision: 1948-
670 ## - SOURCE DATA FOUND
- Source citation: Work cat.: (BD-DhEWU)1549: Promise of development :, 1986.